000 00442cam a2200169ua 4500
020 _c1.00
041 _amal
_h
082 _a894.8121
_bKRI/SU
100 _aKrishna Pillai, Changampuzha.
245 _aSudhamgada /
_cChamgampuzha Krishna Pillai.
_hTextual Documents
260 _aQuilon :
_bSree Rama Vilasam Press & Book Depot ,
_c1960.
300 _a107 ; .
365 _a1.00
504 _a
942 _cBK
999 _c5186
_d5186